Desarrollo de sistema de escritorio para el control y seguimiento de inventario en el área técnica de la empresa UFINET

El presente trabajo monográfico está orientado al análisis y desarrollo de un sistema de escritorio para el control y seguimiento de inventario para la empresa UFINET, la cual se dedica a brindar servicios de conectividad de datos, capacidad e internet por cable óptico en América Central, tambi...

Full description

Bibliographic Details
Main Author: Paíz Ramírez, Ángela María
Other Authors: Tutor: Sevilla Hernández, Marlovio José
Format: Tesis Section = Libro
Language:Undetermined
Spanish
Published: Managua UNI 2023
Subjects:
LEADER 01415nam a2200265Ia 4500
008 240830s9999 xx 000 0 und d
040 |a BIBLIOTECA-RUSB/ Mon 005.74 P149 
041 |a spa 
082 |a Mon 005.74 P149 
100 1 |a Paíz Ramírez, Ángela María 
245 1 0 |a Desarrollo de sistema de escritorio para el control y seguimiento de inventario en el área técnica de la empresa UFINET 
260 |a Managua   |b UNI  |c 2023 
300 |a 85 p. :il. 
500 |a Contiene: anexos y CD. 
502 |a Tesis (Ingeniero en computación) - UNI, 2023. 
520 3 |a El presente trabajo monográfico está orientado al análisis y desarrollo de un sistema de escritorio para el control y seguimiento de inventario para la empresa UFINET, la cual se dedica a brindar servicios de conectividad de datos, capacidad e internet por cable óptico en América Central, también se encarga del transporte de datos a través de más de 75.000 km de red de fibra óptica desplegados y cuenta con más de 220 nodos de telecomunicaciones distribuidos a lo largo de los 17 países donde brindan sus servicios. 
650 7 |a SISTEMA INFORMATICO 
650 7 |b  BASES DE DATOS 
650 7 |c  SISTEMAS CONTABLES 
650 7 |d  LENGUAJE DE PROGRAMACION 
650 7 |e  CONTROL INVENTARIO - UFINET 
700 1 |a Tutor:  |b Sevilla Hernández, Marlovio José 
942 |c BK  |2 ddc 
991 |a TESIS 
999 |c 27796